000 01055nam a2200313 a 4500
003 CO-ViMGA
005 20230915233136.0
008 091201s2007 ck a jr 00110 spa d
020 _a9789583025952
040 _aCO-ViMGA
_bspa
_cCO-ViMGA
041 1 _heng
082 0 4 _aI597.3
_bS19t1
_221
100 1 _aSavage, Stephen,
_d1965-
_93633
245 1 0 _aTiburones /
_cStephen Savage ; traductor Ana Pérez ; ilustraciones Ray Grinaway ... [et al.].
250 _aEditor Carron Brown.
260 3 _aBogotá :
_bPanamericana Editorial,
_c2007.
300 _a32 p. :
_bil. ;
_c28 cm.
500 _aGlosario : p. 31.
500 _aIncluye índice.
534 _pTítulo original :
_tSharks.
650 6 _aTiburones
_x Alimentación y alimentos.
_93636
650 6 _aTiburones
_x Clasificación.
_93637
650 6 _aTiburones
_x Enseñanza.
_93634
650 6 _aTiburones
_x Hábitos y conducta.
_93635
700 1 _aBrown, Carron,
_eed.
_93640
700 1 _aGrinaway, Ray,
_eil.
_93639
700 1 _aPérez, Ana,
_etr.
_93638
942 _2ddc
_cBK
999 _c35577
_d35577